El fenómeno místico : estudio comparado /

Furkejuvvon:
Bibliográfalaš dieđut
Váldodahkki: Martín Velasco, Juan (autor)
Materiálatiipa: Girji
Almmustuhtton: Madrid, España : Trotta, 1999, c1999
Ráidu:(Estructuras y Procesos. Religión)
Fáttát:
Fáddágilkorat: Lasit fáddágilkoriid
Eai fáddágilkorat, Lasit vuosttaš fáddágilkora!

MARC

LEADER 00000nam^a2200000^a^4500
001 000246518
005 20250521000000.0
009 20260310105541.018
020 |a 84-8164-315-7 
037 |a Acervo Xavier Clavigero 
082 |a 291. 422  |b MAR 
100 |a Martín Velasco, Juan  |e (autor) 
245 1 3 |a El fenómeno místico :  |b estudio comparado /  |c J. Martín Velasco. 
264 4 |a Madrid, España :  |b Trotta,  |c 1999, c1999 
300 |a 509 p. 
336 |a texto  |b txt  |2 rdacontenido 
337 |a sin mediación  |b n  |2 rdamedio 
338 |a volumen  |b nc  |2 rdasoporte 
440 1 |a (Estructuras y Procesos.  |p Religión) 
649 |a XX 
650 |a Dios 
650 |a Lo Sagrado 
650 |a Misticismo -  |x Tema Principal 
650 |a Espiritualidad 
650 |a Pluralismo 
650 |a Conducta de Vida 
650 |a Etica 
650 |a Cambios Sociales y Culturales 
650 |a Filosofía y Religión 
650 |a Fenomenología 
650 |a Teología 
650 |a Religión Comparada 
910 |a Fondo General 
920 |a Impresos - Libros 
930 |a Colección General 
905 |a 101 
901 |a 070134  |b IT1  |c ACC  |i 070134  |u 20250521 
902 |a https://opac.biblio.iteso.mx/vufind/Record/000246518